[Event "World Amateur-ch U2000"]
[Site "Cagliari"]
[Date "2018.04.28"]
[Round "8"]
[White "Altea, Giovanni"]
[Black "Chinguun, Otgonbayar"]
[Result "0-1"]
[WhiteElo "1895"]
[BlackElo "1929"]
[PlyCount "56"]
[EventDate "2018.04.22"]
[EventType "swiss"]
[EventRounds "9"]
[EventCountry "ITA"]
[SourceTitle "CBM 184 Extra"]
[Source "ChessBase"]
[SourceDate "2018.06.28"]
[SourceVersion "1"]
[SourceVersionDate "2018.06.28"]
[SourceQuality "1"]

1. c4 e6 2. Nc3 d5 3. e3 Nf6 4. Nf3 Nbd7 5. Be2 Be7 6. b3 b6 7. 0-0 0-0 8. Bb2 Bb7 9. cxd5 exd5 10. d4 c5 11. Rc1 a6 12. Bd3 Ne4 13. Bxe4 dxe4 14. Nd2 f5 15. Ne2 b5 16. a4 Qb6 17. Rc2 Rac8 18. Qa1 Qh6 19. Rfc1 Bd6 20. g3 Qg6 21. Kh1 Qf7 22. Kg2 h5 23. h4 f4 24. Kh2 fxg3+ 25. Nxg3 Qxf2+ 26. Kh1 Qxg3 27. Nf1 Qxh4+ 28. Nh2 Rf2 0-1

[Event "World Amateur-ch U2000"]
[Site "Cagliari"]
[Date "2018.04.26"]
[Round "6"]
[White "Altea, Giovanni"]
[Black "Flynn, Jacob"]
[Result "1-0"]
[WhiteElo "1895"]
[BlackElo "1826"]
[PlyCount "45"]
[EventDate "2018.04.22"]
[EventType "swiss"]
[EventRounds "9"]
[EventCountry "ITA"]
[SourceTitle "CBM 184 Extra"]
[Source "ChessBase"]
[SourceDate "2018.06.28"]
[SourceVersion "1"]
[SourceVersionDate "2018.06.28"]
[SourceQuality "1"]

1. c4 Nf6 2. Nc3 c6 3. d4 d5 4. Nf3 e6 5. Bg5 dxc4 6. a4 Qa5 7. Bxf6 gxf6 8. e3 Bb4 9. Qc1 Rg8 10. g3 b6 11. Nd2 Bb7 12. Bg2 Qh5 13. Nxc4 Ba6 14. b3 f5 15. 0-0 Kf8 16. Nb5 f4 17. exf4 cxb5 18. axb5 Bxb5 19. Bxa8 Bc6 20. Rxa7 Rg6 21. Ne5 Rh6 22. h4 Be7 23. Rxe7 1-0

[Event "World Amateur-ch U2000"]
[Site "Cagliari"]
[Date "2018.04.25"]
[Round "5"]
[White "Ingham, H William"]
[Black "Altea, Giovanni"]
[Result "0-1"]
[WhiteElo "1840"]
[BlackElo "1895"]
[PlyCount "90"]
[EventDate "2018.04.22"]
[EventType "swiss"]
[EventRounds "9"]
[EventCountry "ITA"]
[SourceTitle "CBM 184 Extra"]
[Source "ChessBase"]
[SourceDate "2018.06.28"]
[SourceVersion "1"]
[SourceVersionDate "2018.06.28"]
[SourceQuality "1"]

1. d4 Nf6 2. Bf4 e6 3. e3 c5 4. c3 cxd4 5. exd4 Be7 6. Nf3 b6 7. Bd3 Bb7 8. Nbd2 d6 9. Qe2 0-0 10. 0-0 Nbd7 11. Rfe1 Qc7 12. h3 h6 13. Rad1 Rfe8 14. Ne4 Bf8 15. Nxf6+ Nxf6 16. Bg3 Rac8 17. Bb5 Red8 18. Ba6 Rd7 19. Bxb7 Qxb7 20. Bh4 Be7 21. Nd2 Qd5 22. a3 b5 23. Qf3 Qa2 24. Bxf6 Bxf6 25. Ne4 Be7 26. Qe2 Qc4 27. Kf1 a5 28. Nd2 Qd5 29. Qd3 Qc6 30. Nf3 Bf6 31. Kg1 b4 32. axb4 axb4 33. d5 exd5 34. cxb4 Bxb2 35. b5 Qc4 36. Qxd5 Qxd5 37. Rxd5 Rb8 38. Red1 Ba3 39. R1d3 Bb4 40. R3d4 Ba5 41. Ne5 dxe5 42. Rxd7 exd4 43. Rxd4 Rxb5 44. Kf1 Rb1+ 45. Ke2 Rb2+ 0-1

[Event "World Amateur-ch U2000"]
[Site "Cagliari"]
[Date "2018.04.24"]
[Round "4"]
[White "Altea, Giovanni"]
[Black "Marras, Giuseppe"]
[Result "1-0"]
[WhiteElo "1895"]
[BlackElo "1769"]
[PlyCount "47"]
[EventDate "2018.04.22"]
[EventType "swiss"]
[EventRounds "9"]
[EventCountry "ITA"]
[SourceTitle "CBM 184 Extra"]
[Source "ChessBase"]
[SourceDate "2018.06.28"]
[SourceVersion "1"]
[SourceVersionDate "2018.06.28"]
[SourceQuality "1"]

1. c4 Nf6 2. Nc3 g6 3. e4 d6 4. d4 Bg7 5. h3 0-0 6. Bg5 Nbd7 7. Bd3 c5 8. d5 h6 9. Be3 Ne8 10. Qd2 Kh7 11. f4 Bd4 12. Nf3 Bxe3 13. Qxe3 Ng7 14. 0-0-0 f5 15. g4 Nf6 16. gxf5 gxf5 17. e5 Nfh5 18. Rdg1 Bd7 19. Rg4 a6 20. Rhg1 Rb8 21. Qd2 Kh8 22. Rg6 Kh7 23. Qg2 Nxf4 24. Rxh6+ 1-0

[Event "World Amateur-ch U2000"]
[Site "Cagliari"]
[Date "2018.04.23"]
[Round "3"]
[White "Patel, Palak"]
[Black "Altea, Giovanni"]
[Result "1/2-1/2"]
[WhiteElo "1661"]
[BlackElo "1895"]
[PlyCount "57"]
[EventDate "2018.04.22"]
[EventType "swiss"]
[EventRounds "9"]
[EventCountry "ITA"]
[SourceTitle "CBM 184 Extra"]
[Source "ChessBase"]
[SourceDate "2018.06.28"]
[SourceVersion "1"]
[SourceVersionDate "2018.06.28"]
[SourceQuality "1"]

1. e4 c5 2. Nc3 e6 3. g3 a6 4. Bg2 Nc6 5. d3 Qc7 6. f4 g6 7. Nf3 Bg7 8. 0-0 Nge7 9. Be3 b6 10. Qd2 Rb8 11. Nh4 f5 12. Rab1 0-0 13. e5 d6 14. exd6 Qxd6 15. Nf3 Nd5 16. Nxd5 exd5 17. d4 c4 18. Ne5 Be6 19. c3 Qc7 20. Rfe1 Kh8 21. h4 Nxe5 22. dxe5 Rfd8 23. Qf2 Bf8 24. Red1 Bc5 25. Bd4 Bxd4 26. Qxd4 Qc5 27. Rd2 Rbc8 28. Rbd1 a5 29. Bf3 1/2-1/2

[Event "Sardegna Region-ch"]
[Site "Sardara"]
[Date "2011.05.22"]
[Round "3"]
[White "Murtas, Gianvito"]
[Black "Altea, Giovanni"]
[Result "0-1"]
[WhiteElo "1751"]
[BlackElo "1896"]
[PlyCount "66"]
[EventDate "2011.05.23"]
[EventType "swiss"]
[EventRounds "8"]
[EventCountry "ITA"]
[SourceTitle "EXT 2023"]
[Source "ChessBase"]
[SourceDate "2022.10.05"]
[SourceVersion "1"]
[SourceVersionDate "2022.10.05"]
[SourceQuality "1"]

1. e4 c5 2. Nf3 e6 3. d4 cxd4 4. Nxd4 a6 5. Nc3 Qc7 6. Be3 Nf6 7. Bd3 Bb4 8. 0-0 b5 9. Nce2 Bb7 10. Ng3 Be7 11. Re1 d6 12. Qe2 Nbd7 13. Rad1 0-0 14. Bg5 Ne5 15. Kh1 Rac8 16. f4 Nxd3 17. Rxd3 Rfd8 18. Bxf6 Bxf6 19. Nh5 Bxd4 20. Rxd4 Qxc2 21. Qg4 g6 22. Nf6+ Kg7 23. Nh5+ Kh8 24. Nf6 Qxb2 25. Qh4 Kg7 26. Qxh7+ Kxf6 27. e5+ Ke7 28. Qh4+ Ke8 29. Qh8+ Kd7 30. Rxd6+ Kc7 31. Qh3 Rxd6 32. exd6+ Kxd6 33. Qg3 Qxg2+ 0-1

[Event "Cagliari Alfa Lum op-A 2nd"]
[Site "Cagliari"]
[Date "2010.09.03"]
[Round "1"]
[White "Carucci, Bruno"]
[Black "Altea, Giovanni"]
[Result "0-1"]
[WhiteElo "1576"]
[BlackElo "1850"]
[PlyCount "86"]
[EventDate "2010.09.03"]
[EventType "swiss"]
[EventRounds "6"]
[EventCountry "ITA"]
[SourceTitle "EXT 2024"]
[Source "ChessBase"]
[SourceDate "2023.10.10"]
[SourceVersion "1"]
[SourceVersionDate "2023.10.10"]
[SourceQuality "1"]

1. d4 Nf6 2. c4 Nc6 3. Nf3 e6 4. Nc3 Bb4 5. e3 0-0 6. Bd3 d6 7. 0-0 e5 8. Bb1 Bg4 9. h3 Bh5 10. g4 Nxg4 11. Nh2 Nf6 12. Ng4 Kh8 13. f3 Bg6 14. Bxg6 fxg6 15. d5 Ne7 16. e4 Nh5 17. Bg5 Nf4 18. Rf2 Nxh3+ 19. Kg2 Nxg5 20. Ne2 Qd7 21. Rf1 Nxf3 22. Kg3 Ng5 23. Qb3 Nxe4+ 24. Kh3 Bc5 25. Ng3 Rxf1 26. Rxf1 Nf2+ 27. Kg2 Nxg4 28. Rf7 Qe8 29. Rf3 Bb6 30. Ne4 Nf5 31. Rh3 Qe7 32. a4 a5 33. Qa3 Nge3+ 34. Kh1 Nxc4 35. Qa1 Nce3 36. Qg1 Kg8 37. Qh2 Nh6 38. Rxh6 gxh6 39. Qxh6 Rf8 40. Ng3 Qf7 41. Qh3 Qf3+ 42. Kh2 Ng4+ 43. Qxg4 Qxg4 0-1

[Event "Sardegna Region-ch"]
[Site "Sardara"]
[Date "2010.04.24"]
[Round "6"]
[White "Altea, Giovanni"]
[Black "Neri, Enzo"]
[Result "0-1"]
[WhiteElo "1839"]
[BlackElo "2059"]
[PlyCount "109"]
[EventDate "2010.04.17"]
[EventType "swiss"]
[EventRounds "8"]
[EventCountry "ITA"]
[SourceTitle "EXT 2024"]
[Source "ChessBase"]
[SourceDate "2023.10.10"]
[SourceVersion "1"]
[SourceVersionDate "2023.10.10"]
[SourceQuality "1"]

1. c4 e6 2. Nc3 d5 3. e3 Nf6 4. Nf3 Be7 5. Be2 0-0 6. 0-0 c5 7. d4 cxd4 8. exd4 dxc4 9. Bxc4 a6 10. a4 Nc6 11. Bg5 Qa5 12. Qc1 Qb4 13. Ne2 Na5 14. Ba2 Nb3 15. Bxb3 Qxb3 16. Qc3 Qd5 17. Ng3 Bd7 18. Qd2 Rfc8 19. Rfc1 Rxc1+ 20. Qxc1 Rc8 21. Qd2 Qb3 22. Rc1 Rxc1+ 23. Qxc1 Qxa4 24. h3 Bc6 25. Ne5 Qb5 26. Nxc6 bxc6 27. Be3 a5 28. Qc2 Nd5 29. Bc1 Nb4 30. Qd2 Nd3 31. Ne2 Nxc1 32. Nxc1 g6 33. Ne2 Qb4 34. Qxb4 axb4 35. Kf1 c5 36. dxc5 Bxc5 37. b3 Kf8 38. Ke1 Ke7 39. f3 e5 40. Kd2 Ke6 41. Kd3 Kd5 42. g4 Bf2 43. Nc1 f5 44. gxf5 gxf5 45. Na2 Bc5 46. Nc1 e4+ 47. fxe4+ fxe4+ 48. Kd2 Ke5 49. Ne2 Kf5 50. Kc2 Kg5 51. Ng3 Kf4 52. Nh5+ Kf3 53. Nf6 e3 54. Ng4 Bd6 55. Nh2+ 0-1

[Event "Sardegna Region-ch"]
[Site "Sardara"]
[Date "2010.04.17"]
[Round "2"]
[White "Altea, Giovanni"]
[Black "Mulas, Gianmarco"]
[Result "0-1"]
[WhiteElo "1839"]
[BlackElo "2077"]
[PlyCount "44"]
[EventDate "2010.04.17"]
[EventType "swiss"]
[EventRounds "8"]
[EventCountry "ITA"]
[SourceTitle "EXT 2024"]
[Source "ChessBase"]
[SourceDate "2023.10.10"]
[SourceVersion "1"]
[SourceVersionDate "2023.10.10"]
[SourceQuality "1"]

1. e4 e5 2. Nf3 d6 3. d4 Nf6 4. dxe5 Nxe4 5. Qd4 d5 6. Bb5+ c6 7. Be2 Bc5 8. Qa4 Bxf2+ 9. Kf1 Nd7 10. Nbd2 Ndc5 11. Qa3 Qb6 12. b4 Nxd2+ 13. Nxd2 Ne6 14. Nf3 0-0 15. Bd2 f6 16. exf6 Rxf6 17. Be1 Be3 18. Rd1 Nf4 19. Qc3 Bf5 20. a4 Nxe2 21. Kxe2 Re8 22. Kf1 Qa6+ 0-1

[Event "Laconi Perla del Sarcidano op 3rd"]
[Site "Laconi"]
[Date "2007.08.08"]
[Round "8"]
[White "Napoli, Nicolo"]
[Black "Altea, Giovanni"]
[Result "1-0"]
[WhiteElo "2277"]
[BlackElo "1789"]
[PlyCount "31"]
[EventDate "2007.08.04"]
[EventType "swiss"]
[EventRounds "9"]
[EventCountry "ITA"]
[SourceTitle "EXT 2010"]
[Source "ChessBase"]
[SourceDate "2010.11.25"]
[SourceVersion "1"]
[SourceVersionDate "2010.11.25"]
[SourceQuality "1"]

1. e4 c5 2. c3 d5 3. exd5 Qxd5 4. d4 Nf6 5. Nf3 e6 6. Be3 cxd4 7. cxd4 Be7 8. Nc3 Qd8 9. Bd3 Nbd7 10. 0-0 Nb6 11. Ne5 0-0 12. Qf3 Nbd5 13. Qh3 Bd7 14. Nxd5 exd5 15. Nxd7 Qxd7 16. Bxh7+ 1-0

[Event "Laconi Perla del Sarcidano op 3rd"]
[Site "Laconi"]
[Date "2007.08.07"]
[Round "5"]
[White "Altea, Giovanni"]
[Black "Figus, Maurizio"]
[Result "1-0"]
[WhiteElo "1789"]
[BlackElo "1908"]
[PlyCount "71"]
[EventDate "2007.08.04"]
[EventType "swiss"]
[EventRounds "9"]
[EventCountry "ITA"]
[SourceTitle "EXT 2010"]
[Source "ChessBase"]
[SourceDate "2010.11.25"]
[SourceVersion "1"]
[SourceVersionDate "2010.11.25"]
[SourceQuality "1"]

1. c4 Nf6 2. Nc3 g6 3. g3 Bg7 4. Bg2 0-0 5. e3 e5 6. Nge2 d6 7. 0-0 c6 8. d4 Bg4 9. h3 Be6 10. d5 cxd5 11. cxd5 Bd7 12. Bd2 Na6 13. Qb3 Nc5 14. Qa3 a5 15. b4 axb4 16. Qxb4 Qe7 17. a4 h5 18. h4 Nh7 19. a5 g5 20. hxg5 Qxg5 21. Qh4 Qxh4 22. gxh4 Nb3 23. Ra2 Nxd2 24. Rxd2 Rxa5 25. Rb1 b5 26. Rdb2 Rb8 27. Ng3 e4 28. Nge2 Rc8 29. Rb3 b4 30. Nxe4 Rxd5 31. Rxb4 f5 32. Nf4 Ra5 33. Nxd6 Bf8 34. Nxc8 Bxb4 35. Rxb4 Bxc8 36. Rb8 1-0

[Event "Laconi Perla del Sarcidano op 3rd"]
[Site "Laconi"]
[Date "2007.08.06"]
[Round "4"]
[White "Altea, Giovanni"]
[Black "Carucci, Bruno"]
[Result "1-0"]
[WhiteElo "1789"]
[BlackElo "1434"]
[PlyCount "83"]
[EventDate "2007.08.04"]
[EventType "swiss"]
[EventRounds "9"]
[EventCountry "ITA"]
[SourceTitle "EXT 2010"]
[Source "ChessBase"]
[SourceDate "2010.11.25"]
[SourceVersion "1"]
[SourceVersionDate "2010.11.25"]
[SourceQuality "1"]

1. c4 Nf6 2. g3 e6 3. Bg2 Nc6 4. Nc3 d5 5. cxd5 exd5 6. d4 Bb4 7. Nf3 0-0 8. 0-0 Bxc3 9. bxc3 Na5 10. Qc2 Re8 11. Ne5 c5 12. e3 Ng4 13. Nf3 Be6 14. h3 Nf6 15. Ne5 Qc8 16. Qa4 Bxh3 17. Qxa5 Bxg2 18. Kxg2 Qf5 19. Qb5 h5 20. Qe2 h4 21. g4 h3+ 22. Kxh3 Qc8 23. Qf3 Re6 24. Kg2 Rxe5 25. dxe5 Nxg4 26. Qh3 Qe6 27. Rh1 f5 28. Qh8+ Kf7 29. Qxa8 Nxe5 30. Qxb7+ Nd7 31. Rh3 Kf6 32. Ba3 Qe4+ 33. Kg1 Qe6 34. Rh4 Kg5 35. Rh2 Kf6 36. Rd1 Nb6 37. Bxc5 f4 38. Bd4+ Kg6 39. Qxg7+ Kf5 40. Rh5+ Ke4 41. f3+ Kxf3 42. Qg2# 1-0

[Event "Laconi Perla del Sarcidano op 3rd"]
[Site "Laconi"]
[Date "2007.08.05"]
[Round "3"]
[White "Caglio, Luigi"]
[Black "Altea, Giovanni"]
[Result "0-1"]
[WhiteElo "1890"]
[BlackElo "1789"]
[PlyCount "50"]
[EventDate "2007.08.04"]
[EventType "swiss"]
[EventRounds "9"]
[EventCountry "ITA"]
[SourceTitle "EXT 2010"]
[Source "ChessBase"]
[SourceDate "2010.11.25"]
[SourceVersion "1"]
[SourceVersionDate "2010.11.25"]
[SourceQuality "1"]

1. e4 c5 2. Nc3 Nc6 3. f4 g6 4. Bc4 e6 5. Nf3 Bg7 6. 0-0 Nge7 7. Qe1 0-0 8. d3 d5 9. Bb3 Na5 10. Ne2 Nxb3 11. axb3 b6 12. Qh4 Nc6 13. Ng5 h6 14. f5 exf5 15. exf5 Bxf5 16. g4 Be6 17. Rf3 hxg5 18. Bxg5 f6 19. Bh6 Qe7 20. Nf4 g5 21. Qh5 gxf4 22. g5 fxg5 23. Bxg5 Qf7 24. Qh4 Qg6 25. Kf2 Qh7 0-1

[Event "Laconi Perla del Sarcidano op 3rd"]
[Site "Laconi"]
[Date "2007.08.04"]
[Round "1"]
[White "Gromovs, Sergejs"]
[Black "Altea, Giovanni"]
[Result "1-0"]
[WhiteElo "2368"]
[BlackElo "1789"]
[PlyCount "53"]
[EventDate "2007.08.04"]
[EventType "swiss"]
[EventRounds "9"]
[EventCountry "ITA"]
[SourceTitle "EXT 2010"]
[Source "ChessBase"]
[SourceDate "2010.11.25"]
[SourceVersion "1"]
[SourceVersionDate "2010.11.25"]
[SourceQuality "1"]

1. d4 Nf6 2. Nf3 c5 3. d5 b5 4. c4 e6 5. Bg5 d6 6. Nc3 bxc4 7. e4 e5 8. Bxc4 Be7 9. 0-0 0-0 10. a3 Nbd7 11. Ne1 Ne8 12. Be3 Bg5 13. Qd2 Bxe3 14. Qxe3 Nb6 15. Be2 f5 16. exf5 Bxf5 17. f4 exf4 18. Rxf4 Bg6 19. Rxf8+ Kxf8 20. Nd3 Nc7 21. Nf4 Qe8 22. Qg3 Rd8 23. Re1 Kg8 24. Bd3 Qf7 25. Nxg6 hxg6 26. Bxg6 Qf6 27. Rf1 1-0

[Event "Perla del Sarcidano op 2nd"]
[Site "Laconi"]
[Date "2006.08.08"]
[Round "5"]
[White "Altea, Giovanni"]
[Black "Fenu, Salvatore"]
[Result "0-1"]
[WhiteElo "1731"]
[BlackElo "1943"]
[PlyCount "102"]
[EventDate "2006.08.05"]
[EventType "swiss"]
[EventRounds "4"]
[EventCountry "ITA"]
[SourceTitle "EXT 2024"]
[Source "ChessBase"]
[SourceDate "2023.10.10"]
[SourceVersion "1"]
[SourceVersionDate "2023.10.10"]
[SourceQuality "1"]

1. c4 e5 2. Nc3 Nc6 3. g3 f5 4. Bg2 Nf6 5. e3 d6 6. Nge2 Be7 7. 0-0 0-0 8. a3 Qe8 9. d3 Qh5 10. Nd5 Nxd5 11. cxd5 Nb8 12. Bd2 Nd7 13. Rc1 Bd8 14. Nc3 Qxd1 15. Rfxd1 Nf6 16. Nb5 Rf7 17. Rc2 Bd7 18. Nc3 c5 19. Rdc1 Ba5 20. Nb1 Bxd2 21. Nxd2 Bb5 22. d4 exd4 23. exd4 cxd4 24. Nc4 d3 25. Rd2 Rc8 26. b3 Bxc4 27. bxc4 Rfc7 28. Rxd3 Rxc4 29. Rxc4 Rxc4 30. h4 Rc1+ 31. Bf1 Ne4 32. Kg2 Rc2 33. Rf3 g6 34. Bd3 Rd2 35. Bxe4 fxe4 36. Re3 Rxd5 37. Rxe4 Kf7 38. Rc4 Rc5 39. Rd4 Ke6 40. Re4+ Re5 41. Rc4 Kd7 42. Kf3 b5 43. Rf4 Rf5 44. Rxf5 gxf5 45. Kf4 Ke6 46. f3 a5 47. Ke3 Ke5 48. Kd3 Kd5 49. g4 fxg4 50. fxg4 Ke5 51. g5 Kf5 0-1

[Event "Perla del Sarcidano op 2nd"]
[Site "Laconi"]
[Date "2006.08.08"]
[Round "6"]
[White "Altea, Giovanni"]
[Black "Setzu, Francesco"]
[Result "1-0"]
[WhiteElo "1731"]
[BlackElo "1610"]
[PlyCount "145"]
[EventDate "2006.08.05"]
[EventType "swiss"]
[EventRounds "4"]
[EventCountry "ITA"]
[SourceTitle "EXT 2024"]
[Source "ChessBase"]
[SourceDate "2023.10.10"]
[SourceVersion "1"]
[SourceVersionDate "2023.10.10"]
[SourceQuality "1"]

1. c4 c6 2. Nf3 Nf6 3. Nc3 d6 4. g3 g6 5. Bg2 Bg7 6. 0-0 0-0 7. d3 Na6 8. Bd2 Nc7 9. Qc1 Re8 10. Rb1 Rb8 11. b4 Bd7 12. a4 b6 13. Nd4 d5 14. cxd5 cxd5 15. b5 e6 16. Bg5 Qc8 17. Na2 a6 18. Nc6 Ra8 19. Nab4 a5 20. Na2 Bxc6 21. Qxc6 Re7 22. Rbc1 Ra7 23. Be3 Qb7 24. Qxb7 Rxb7 25. Rc6 Nd7 26. Rfc1 d4 27. Bxd4 Bxd4 28. Rxc7 Rxc7 29. Rxc7 Bf6 30. Rc4 e5 31. Nc3 Nc5 32. Nd5 Re6 33. Nxb6 Nxd3 34. Rc6 Nb4 35. Rxe6 fxe6 36. Nd7 Be7 37. b6 Bd6 38. b7 Na6 39. e3 Kf7 40. Nb6 Ke8 41. Nc4 Bc7 42. Bc6+ Kd8 43. Kg2 Nb8 44. Be4 Na6 45. Kf3 Ke7 46. Bc6 Kf6 47. Bb5 Nb8 48. Ke4 h6 49. f4 exf4 50. exf4 g5 51. fxg5+ hxg5 52. h4 Bxg3 53. hxg5+ Kxg5 54. Nxa5 Bc7 55. Nc4 Kf6 56. a5 Ke7 57. a6 Nxa6 58. Bxa6 Kd8 59. Bb5 Bb8 60. Kd4 Kc7 61. Ba6 Kc6 62. Kc3 Kc5 63. Kb3 e5 64. Ka4 e4 65. Ka5 Kd4 66. Kb6 e3 67. Na5 Kc3 68. Nc6 Bd6 69. Nd8 Bb8 70. Kc6 Kd2 71. Kd7 e2 72. Bxe2 Kxe2 73. Kc8 1-0

[Event "Corrado Bitti Memorial 5th"]
[Site "Laconi"]
[Date "2005.08.10"]
[Round "7"]
[White "Pes, Francesco"]
[Black "Altea, Giovanni"]
[Result "1/2-1/2"]
[WhiteElo "1763"]
[BlackElo "1685"]
[PlyCount "74"]
[EventDate "2005.08.06"]
[EventType "swiss"]
[EventRounds "9"]
[EventCountry "ITA"]
[SourceTitle "EXT 2007"]
[Source "ChessBase"]
[SourceDate "2006.11.23"]
[SourceVersion "1"]
[SourceVersionDate "2006.11.23"]
[SourceQuality "1"]

1. d4 Nf6 2. c4 e5 3. dxe5 Ng4 4. Nf3 Bc5 5. e3 Nc6 6. Nc3 0-0 7. a3 a5 8. b3 Re8 9. Bb2 Ngxe5 10. Nd5 Ra6 11. Bd3 Nxf3+ 12. Qxf3 Nd4 13. Qd1 Rh6 14. Bxd4 Bxd4 15. Bxh7+ Kxh7 16. Qxd4 Rd6 17. Qf4 Kg8 18. h4 Ree6 19. Qg5 Qxg5 20. hxg5 c6 21. Nb6 Re8 22. Ke2 c5 23. Nxc8 Rxc8 24. Rh3 Rcc6 25. Rah1 Kf8 26. Rh8+ Ke7 27. f4 Re6 28. Rd1 Rb6 29. Rd3 Red6 30. Rxd6 Kxd6 31. Ra8 Rxb3 32. Rxa5 Rb2+ 33. Kf3 Rc2 34. Ra4 g6 35. g4 Rc1 36. Ke2 Rc2+ 37. Kf3 Rc1 1/2-1/2